00446cam a2200169ua 450000100060000000800390000602000180004504000090006304100080007208200110008010000320009124500650012325000120018826000470020030000100024765300190025711812191109n ii |||gr||||Z||||||eng a9781316646526 cMAIN aeng a821.54 aRosinka Chaudhary,eEditor. aHistory of indian poetry in englishcEd by Rosinka Chaudhary a1st ed. aDelhi:bCambridge university press,c2017. a468p. aEnglish poetry